000 00698nam a2200121Ia 4500
008 220615s9999||||xx |||||||||||||| ||und||
100 _aRoach, Catherine M.
245 0 _aStripping, Sex, and Popular Culture
546 _aEnglish[eng]
650 _acultural studies||sociology||culturele studies||sociologie||Human sexuality||Prostitution||Sex-positive movement||Strip club||Stripper||Striptease
856 _uhttps://library.oapen.org/bitstream/20.500.12657/34633/1/390772.pdf||https://library.oapen.org/bitstream/20.500.12657/34633/1/390772.pdf||https://library.oapen.org/bitstream/20.500.12657/34633/1/390772.pdf||https://library.oapen.org/bitstream/20.500.12657/34633/1/390772.pdf
942 _cEB
999 _c18122
_d18122